| 000 | 00648cab a2200241 4500 | ||
|---|---|---|---|
| 001 | X155 | ||
| 008 | 090401t1992 xxu||||| |||| 00| 0 eng d | ||
| 035 | _a(Sirsi) u64182 | ||
| 041 | _aeng | ||
| 100 | _aLaufer, A. | ||
| 245 | _aThree modes of short-term construction planning | ||
| 260 | _c1992 | ||
| 350 | _a0 | ||
| 490 |
_aConstruction Management & Economics _v10 1992, 249-262(14) |
||
| 650 | _aCONSTRUCTION CONTROL | ||
| 650 | _aCONSTRUCTION PLANNING | ||
| 650 | _aMANAGEMENT-PROJECT MANAGEMENT | ||
| 650 | _aSUPERVISION | ||
| 650 | _aSYSTEMS ANALYSIS | ||
| 690 |
_aProject management _96261 |
||
| 942 | _n0 | ||
| 948 | _c04/03/1997 | ||
| 999 |
_c39961 _d39961 |
||